| 000 | 01370nam a22002777a 4500 | ||
|---|---|---|---|
| 005 | 20091214110914.0 | ||
| 008 | 091214t xxu||||| |||| 00| 0 eng d | ||
| 010 | _aB-380607-609 | ||
| 020 |
_a9780007244508 _c75.00 |
||
| 035 | _aB-38067-609 | ||
| 037 | _bUBH | ||
| 040 |
_adpl _bEnglish |
||
| 082 | _aS | ||
| 100 | _aDoyle, Malachy | ||
| 245 |
_aThe brave baby / _cby Malachy Doyle; illustrated by Richard Johnson |
||
| 260 |
_aLondon _bCollins _c2007 |
||
| 270 |
_a77-85, Fulham Palace Road, Hammersmith _bLondon |
||
| 300 |
_a32p.: _bcol. ill. _c21cm(pbk) |
||
| 490 |
_aCollins big cat read at home; edited by Cliff Moon _vlevel 4 book a- love reading |
||
| 700 | _aJohnson, Richard | ||
| 942 |
_2ddc _cCH _mDOY _hS |
||
| 999 |
_c32715 _d32715 |
||